000 00335nam a2200145Ia 4500
100 _aPetroutsos/ Evangelos
942 _cBK
654 _aMastering Visual basic 6
245 _aMastering Visual Basic 6
260 _bB P B Pub.
_aNew Delhi
_c2001
082 _a005.13VB6
_bDET
300 _a1285
546 _aENGLISH
999 _c31289
_d31289